Risk and Risk Taking in Health and Social Welfare : (Record no. 618415)

MARC details
000 -LEADER
fixed length control field 00536nam a2200193 a 4500
008 - FIXED-LENGTH DATA ELEMENTS--GENERAL INFORMATION
fixed length control field 260330s2005##################000#0#eng##
020 ## - INTERNATIONAL STANDARD BOOK NUMBER
ISBN 9781853024825
082 04 - DEWEY DECIMAL CLASSIFICATION NUMBER
Classification number 362.1TIT
100 1# - MAIN ENTRY--AUTHOR NAME
Personal name Titterton, Mike,
245 10 - TITLE STATEMENT
Title Risk and Risk Taking in Health and Social Welfare :
260 ## - PUBLICATION, DISTRIBUTION, ETC. (IMPRINT)
Name of publisher Jessica Kingsley Publishers,
Year of publication 2005.
300 ## - PHYSICAL DESCRIPTION
Number of Pages 162 pages
650 #0 - SUBJECT ADDED ENTRY--TOPICAL TERM
Topical Term Health & Fitness.
942 ## - ADDED ENTRY ELEMENTS (KOHA)
Koha item type English Books
Holdings
Withdrawn status Lost status Damaged status Not for loan Home library Current library Shelving location Date acquired Full call number Accession Number Price effective from Koha item type
        Anna Centenary Library Anna Centenary Library 4TH FLOOR, A WING 30.03.2026 362.1TIT 335508 30.03.2026 English Books

Find us on the map